000 00330nam a22001217a 4500
008 160613b xxu||||| |||| 00| 0 eng d
020 _a9781437707199
020 _a9781437707199
041 _aeng
080 _a618.2
245 _aProfessional nursing cancepts chollenges:
_cKay Kittrell Chitty; Beth Perry Black;
942 _2udc
_cBK
999 _c2488
_d2488